Old Soccer Badges #1 - Statistics

General Stats
  • This quiz has been taken 182 times
  • The average score is 15 of 16
Answer Stats
Picture Answer % Correct
Arsenal
99%
Chelsea
97%
Borussia Dortmund
96%
Juventus
96%
Liverpool
96%
Inter Milan
95%
Manchester City
95%
Bayern Munich
93%
Benfica
93%
Ajax Amsterdam
92%
Athletic Bilbao
91%
Real Madrid
89%
Tottenham Hotspur
87%
AS Roma
82%
Paris Saint-Germain
80%
Olympique Marseille
75%
No matching quizzes found
Score Distribution
Percent of People with Each Score
Percentile by Number Answered
Your Score History
You have not taken this quiz